Catalog

Record Details

Catalog Search



Extinction and Quasi-Stationarity in the Stochastic Logistic SIS Model Cover Image E-book E-book

Extinction and Quasi-Stationarity in the Stochastic Logistic SIS Model [electronic resource] / by Ingemar Nåsell.

Record details

  • ISBN: 9783642205309
  • Physical Description: XI, 199 p. 10 illus. in color. online resource.
  • Publisher: Berlin, Heidelberg : Springer Berlin Heidelberg : 2011.
Subject: Mathematics.
Life sciences.
Distribution (Probability theory).
Mathematics.
Probability Theory and Stochastic Processes.
Life Sciences, general.

Electronic resources


LDR 01614nam a22004215i 4500
00140577
003CONS
00520130725213229.0
007cr nn 008mamaa
008110704s2011 gw | s |||| 0|eng d
020 . ‡a9783642205309 ‡9978-3-642-20530-9
0247 . ‡a10.1007/978-3-642-20530-9 ‡2doi
035 . ‡a(DE-He213)978-3-642-20530-9
050 4. ‡aQA273.A1-274.9
050 4. ‡aQA274-274.9
072 7. ‡aPBT ‡2bicssc
072 7. ‡aPBWL ‡2bicssc
072 7. ‡aMAT029000 ‡2bisacsh
1001 . ‡aNåsell, Ingemar. ‡eauthor.
24510. ‡aExtinction and Quasi-Stationarity in the Stochastic Logistic SIS Model ‡h[electronic resource] / ‡cby Ingemar Nåsell.
264 1. ‡aBerlin, Heidelberg : ‡bSpringer Berlin Heidelberg : ‡bImprint: Springer, ‡c2011.
300 . ‡aXI, 199 p. 10 illus. in color. ‡bonline resource.
336 . ‡atext ‡btxt ‡2rdacontent
337 . ‡acomputer ‡bc ‡2rdamedia
338 . ‡aonline resource ‡bcr ‡2rdacarrier
347 . ‡atext file ‡bPDF ‡2rda
4901 . ‡aLecture Notes in Mathematics, ‡x0075-8434 ; ‡v2022
650 0. ‡aMathematics.
650 0. ‡aLife sciences.
650 0. ‡aDistribution (Probability theory).
65014. ‡aMathematics.
65024. ‡aProbability Theory and Stochastic Processes.
65024. ‡aLife Sciences, general.
7102 . ‡aSpringerLink (Online service)
7730 . ‡tSpringer eBooks
77608. ‡iPrinted edition: ‡z9783642205293
830 0. ‡aLecture Notes in Mathematics, ‡x0075-8434 ; ‡v2022
85640. ‡uhttp://biblioteca.ipicyt.edu.mx:2048/login?url=http://dx.doi.org/10.1007/978-3-642-20530-9 ‡yTexto completo ‡9CONS
950 . ‡aMathematics and Statistics (Springer-11649)
901 . ‡a40577 ‡b ‡c40577 ‡tbiblio ‡sSystem Local

Additional Resources